<?xml version="1.0" encoding="UTF-8"?>
<record
    xmlns:xsi="http://www.w3.org/2001/XMLSchema-instance"
    xsi:schemaLocation="http://www.loc.gov/MARC21/slim http://www.loc.gov/standards/marcxml/schema/MARC21slim.xsd"
    xmlns="http://www.loc.gov/MARC21/slim">

  <leader>03010cgm a22005657a 4500</leader>
  <controlfield tag="001">15013167</controlfield>
  <controlfield tag="005">20200421093819.0</controlfield>
  <controlfield tag="007">mr c|aaf|nara||ac------</controlfield>
  <controlfield tag="008">070919s2006    fr 093            mleng  </controlfield>
  <datafield tag="010" ind1=" " ind2=" ">
    <subfield code="a">  2007643288</subfield>
  </datafield>
  <datafield tag="017" ind1=" " ind2=" ">
    <subfield code="a">PA1-333-138</subfield>
    <subfield code="b">U.S. Copyright Office</subfield>
  </datafield>
  <datafield tag="040" ind1=" " ind2=" ">
    <subfield code="a">DLC</subfield>
    <subfield code="c">DLC</subfield>
    <subfield code="e">amim</subfield>
  </datafield>
  <datafield tag="041" ind1="1" ind2=" ">
    <subfield code="a">eng</subfield>
    <subfield code="b">spa</subfield>
  </datafield>
  <datafield tag="043" ind1=" " ind2=" ">
    <subfield code="a">n-mx---</subfield>
  </datafield>
  <datafield tag="050" ind1="0" ind2="0">
    <subfield code="a">CGE 0067-0072 (viewing print)</subfield>
  </datafield>
  <datafield tag="245" ind1="0" ind2="0">
    <subfield code="a">Bandidas /</subfield>
    <subfield code="c">a EuropaCorp production in association with TF1 Films with the participation of Canal Plus and TPS Star ; directed by Joachim Roenning, Espen Sandberg ; produced by Luc Besson, Ariel Zeitoun ; screenplay, Luc Besson, Robert Mark Kamen.</subfield>
  </datafield>
  <datafield tag="257" ind1=" " ind2=" ">
    <subfield code="a">France.</subfield>
  </datafield>
  <datafield tag="260" ind1=" " ind2=" ">
    <subfield code="a">United States :</subfield>
    <subfield code="b">Twentieth Century-Fox Film Corporation,</subfield>
    <subfield code="c">2006.</subfield>
  </datafield>
  <datafield tag="300" ind1=" " ind2=" ">
    <subfield code="a">9 film reels of 9 on 6 (ca. 93 min., ca. 8,370 ft.) :</subfield>
    <subfield code="b">sd., col. ;</subfield>
    <subfield code="c">35 mm.</subfield>
    <subfield code="3">viewing print.</subfield>
  </datafield>
  <datafield tag="500" ind1=" " ind2=" ">
    <subfield code="a">Copyright: Europa Corporation. DCR 2006; PUB 18Jan06; REG 26Sep06; PA1-333-138.</subfield>
  </datafield>
  <datafield tag="500" ind1=" " ind2=" ">
    <subfield code="a">Summary adapted from FirstSearch, OCLC 76706374, viewed Sept. 19, 2007.</subfield>
  </datafield>
  <datafield tag="500" ind1=" " ind2=" ">
    <subfield code="a">Not viewed.</subfield>
  </datafield>
  <datafield tag="500" ind1=" " ind2=" ">
    <subfield code="a">Sources used: copyright data sheet; copyright database; Variety Web site, review posted Jan. 10, 2007, viewed Sept. 19, 2007; Internet movie database, viewed Sept. 19, 2007; FirstSearch, OCLC 76706374, viewed Sept. 19, 2007.</subfield>
  </datafield>
  <datafield tag="508" ind1=" " ind2=" ">
    <subfield code="a">Camera, Thierry Arbogast ; editing, Frederic Thoraval ; music, Eric Serra.</subfield>
  </datafield>
  <datafield tag="511" ind1="1" ind2=" ">
    <subfield code="a">Pen&#xE9;lope Cruz, Salma Hayek, Steve Zahn, Dwight Yoakam, Sam Shepard, Denis Arndt, Audra Blaser, Ismael "East" Carlo, Carlos Cervantes, Jose Maria Negri, Joseph D. Reitman.</subfield>
  </datafield>
  <datafield tag="520" ind1=" " ind2=" ">
    <subfield code="a">Determined to avenge the deaths of their fathers, two women vow to seize the ill-gotten gains of a robber baron. With the help of a retired bank robber and a jittery criminologist, these two beauties become unlikely outlaws, blazing a trail of larceny across Mexico.</subfield>
  </datafield>
  <datafield tag="521" ind1="8" ind2=" ">
    <subfield code="a">MPAA rating: PG-13.</subfield>
  </datafield>
  <datafield tag="546" ind1=" " ind2=" ">
    <subfield code="a">In English with Spanish subtitles.</subfield>
  </datafield>
  <datafield tag="650" ind1=" " ind2="0">
    <subfield code="a">Women outlaws</subfield>
    <subfield code="z">Mexico</subfield>
    <subfield code="v">Drama.</subfield>
  </datafield>
  <datafield tag="650" ind1=" " ind2="0">
    <subfield code="a">Fathers and daughters</subfield>
    <subfield code="z">Mexico</subfield>
    <subfield code="v">Drama.</subfield>
  </datafield>
  <datafield tag="650" ind1=" " ind2="0">
    <subfield code="a">Revenge</subfield>
    <subfield code="v">Drama.</subfield>
    <subfield code="9">745</subfield>
  </datafield>
  <datafield tag="655" ind1=" " ind2="7">
    <subfield code="a">Comedy</subfield>
    <subfield code="v">Feature.</subfield>
    <subfield code="2">migfg</subfield>
    <subfield code="9">746</subfield>
  </datafield>
  <datafield tag="655" ind1=" " ind2="7">
    <subfield code="a">Western</subfield>
    <subfield code="v">Feature.</subfield>
    <subfield code="2">migfg</subfield>
    <subfield code="9">747</subfield>
  </datafield>
  <datafield tag="700" ind1="1" ind2=" ">
    <subfield code="a">Roenning, Joachim,</subfield>
    <subfield code="d">1972-</subfield>
    <subfield code="e">direction.</subfield>
  </datafield>
  <datafield tag="700" ind1="1" ind2=" ">
    <subfield code="a">Sandberg, Espen,</subfield>
    <subfield code="e">direction.</subfield>
  </datafield>
  <datafield tag="700" ind1="1" ind2=" ">
    <subfield code="a">Besson, Luc,</subfield>
    <subfield code="e">production,</subfield>
    <subfield code="e">writing.</subfield>
  </datafield>
  <datafield tag="700" ind1="1" ind2=" ">
    <subfield code="a">Zeitoun, Ariel,</subfield>
    <subfield code="d">1945-</subfield>
    <subfield code="e">production.</subfield>
  </datafield>
  <datafield tag="700" ind1="1" ind2=" ">
    <subfield code="a">Kamen, Robert Mark,</subfield>
    <subfield code="e">writing.</subfield>
  </datafield>
  <datafield tag="700" ind1="1" ind2=" ">
    <subfield code="a">Cruz, Pen&#xE9;lope,</subfield>
    <subfield code="e">cast.</subfield>
    <subfield code="9">403</subfield>
  </datafield>
  <datafield tag="700" ind1="1" ind2=" ">
    <subfield code="a">Hayek, Salma,</subfield>
    <subfield code="d">1968-</subfield>
    <subfield code="e">cast.</subfield>
    <subfield code="9">404</subfield>
  </datafield>
  <datafield tag="710" ind1="2" ind2=" ">
    <subfield code="a">EuropaCorp.</subfield>
    <subfield code="9">262</subfield>
  </datafield>
  <datafield tag="710" ind1="2" ind2=" ">
    <subfield code="a">TF1 Films Production.</subfield>
    <subfield code="9">263</subfield>
  </datafield>
  <datafield tag="710" ind1="2" ind2=" ">
    <subfield code="a">Studio Canal+.</subfield>
    <subfield code="9">264</subfield>
  </datafield>
  <datafield tag="710" ind1="2" ind2=" ">
    <subfield code="a">TPS Cin&#xE9;ma (Firm)</subfield>
    <subfield code="9">749</subfield>
  </datafield>
  <datafield tag="710" ind1="2" ind2=" ">
    <subfield code="a">Twentieth Century-Fox Film Corporation.</subfield>
    <subfield code="9">265</subfield>
  </datafield>
  <datafield tag="710" ind1="2" ind2=" ">
    <subfield code="a">Copyright Collection (Library of Congress)</subfield>
    <subfield code="5">DLC</subfield>
    <subfield code="9">197</subfield>
  </datafield>
  <datafield tag="541" ind1=" " ind2=" ">
    <subfield code="3">viewing print;</subfield>
  </datafield>
  <datafield tag="906" ind1=" " ind2=" ">
    <subfield code="a">0</subfield>
    <subfield code="b">ibc</subfield>
    <subfield code="c">orignew</subfield>
    <subfield code="d">u</subfield>
    <subfield code="e">ncip</subfield>
    <subfield code="f">20</subfield>
    <subfield code="g">y-movingim</subfield>
  </datafield>
  <datafield tag="942" ind1=" " ind2=" ">
    <subfield code="2">ddc</subfield>
    <subfield code="c">BK</subfield>
  </datafield>
  <datafield tag="999" ind1=" " ind2=" ">
    <subfield code="c">104</subfield>
    <subfield code="d">104</subfield>
  </datafield>
  <datafield tag="952" ind1=" " ind2=" ">
    <subfield code="0">0</subfield>
    <subfield code="1">0</subfield>
    <subfield code="4">0</subfield>
    <subfield code="7">0</subfield>
    <subfield code="8">NFIC</subfield>
    <subfield code="a">MPL</subfield>
    <subfield code="b">MPL</subfield>
    <subfield code="c">AV</subfield>
    <subfield code="d">2014-09-04</subfield>
    <subfield code="p">39999000004311</subfield>
    <subfield code="r">2014-09-04 00:00:00</subfield>
    <subfield code="w">2014-09-04</subfield>
    <subfield code="y">VM</subfield>
  </datafield>
  <datafield tag="952" ind1=" " ind2=" ">
    <subfield code="0">0</subfield>
    <subfield code="1">0</subfield>
    <subfield code="4">0</subfield>
    <subfield code="7">0</subfield>
    <subfield code="8">NFIC</subfield>
    <subfield code="a">FPL</subfield>
    <subfield code="b">FPL</subfield>
    <subfield code="c">AV</subfield>
    <subfield code="d">2014-09-04</subfield>
    <subfield code="p">39999000004335</subfield>
    <subfield code="r">2014-09-04 00:00:00</subfield>
    <subfield code="w">2014-09-04</subfield>
    <subfield code="y">VM</subfield>
  </datafield>
</record>
